homoeopathic therapeutics of Diarrhoea / (Record no. 154064)

MARC details
000 -LEADER
fixed length control field 00547nam a22001817a 4500
005 - DATE AND TIME OF LATEST TRANSACTION
control field 20180714175231.0
010 ## - LCCN (DPL NO)
LC control number A-423690
035 ## - SYSTEM CONTROL NUMBER
System control number A-423690
037 ## - SOURCE OF ACQUISITION
Source of stock number/acquisition BPPD/PUB
082 ## - DEWEY DECIMAL CLASSIFICATION NUMBER
Classification number 615.53
100 ## - MAIN ENTRY--PERSONAL NAME
Personal name Bell James B.
245 ## - TITLE STATEMENT
Title homoeopathic therapeutics of Diarrhoea /
Statement of responsibility, etc by James B. Bell
260 ## - PUBLICATION, DISTRIBUTION, ETC. (IMPRINT)
Place of publication, distribution, etc New Delhi
Name of publisher, distributor, etc B. Jain Publishers (P) Ltd.
Date of publication, distribution, etc 1990
270 ## - ADDRESS
Address 1921, Street no.10 Chuna Mandi Paharganj
City New Delhi
300 ## - PHYSICAL DESCRIPTION
Extent 316p.
Dimensions 22cm (HB)
500 ## - GENERAL NOTE
General note Includes Index.
942 ## - ADDED ENTRY ELEMENTS (KOHA)
Source of classification or shelving scheme Dewey Decimal Classification
Item type English Books
Classification part 615.53
Call number suffix BEL
Holdings
Withdrawn status Lost status Not for loan Collection code Home library Current library Date acquired Source of acquisition Cost, normal purchase price Full call number Barcode Cost, replacement price Koha item type
      Non-fiction Shahdara Branch Shahdara Branch 14/07/2018 BPPD/PUB 0.00 615.53 BEL A-423690 0.00 English Books

© Delhi Public Library
Hit Counter
free hit counter